Statistics for U.S. State Capitals - West to East

Click here to take the quiz!

General Stats

  • This quiz has been taken 836 times
    (828 since last reset)
  • The average score is 38 of 50

Answer Stats

LongitudeCapital% Correct
157° 51' WHonolulu
99%
134° 25' WJuneau
97%
123° 2' WSalem
96%
122° 54' WOlympia
96%
121° 29' WSacramento
95%
112° 4' WPhoenix
94%
119° 46' WCarson City
93%
116° 12' WBoise
93%
112° 1' WHelena
92%
104° 59' WDenver
91%
105° 56' WSanta Fe
90%
100° 21' WPierre
88%
111° 53' WSalt Lake City
88%
100° 47' WBismarck
88%
104° 49' WCheyenne
87%
97° 44' WAustin
87%
97° 30' WOklahoma City
84%
96° 40' WLincoln
84%
95° 41' WTopeka
82%
93° 36' WDes Moines
79%
93° 5' WSt. Paul
79%
91° 8' WBaton Rouge
76%
92° 17' WLittle Rock
75%
92° 10' WJefferson City
75%
89° 39' WSpringfield
73%
90° 11' WJackson
71%
69° 46' WAugusta
70%
89° 24' WMadison
69%
71° 3' WBoston
68%
86° 46' WNashville
68%
86° 9' WIndianapolis
66%
73° 45' WAlbany
66%
71° 24' WProvidence
65%
86° 17' WMontgomery
64%
74° 44' WTrenton
63%
84° 52' WFrankfort
62%
84° 33' WLansing
62%
84° 23' WAtlanta
62%
71° 32' WConcord
62%
72° 34' WMontpelier
62%
72° 41' WHartford
62%
76° 29' WAnnapolis
62%
77° 26' WRichmond
61%
75° 31' WDover
61%
76° 53' WHarrisburg
61%
82° 59' WColumbus
61%
78° 38' WRaleigh
61%
81° 37' WCharleston
59%
84° 16' WTallahassee
59%
81° 2' WColumbia
58%

Score Distribution

Percentile by Number Answered

Percent of People with Each Score

Your Score History

You have not taken this quiz since the last reset